Formule 1 - Pilote Ferrari - Statistiques

Statistiques générales
  • Ce quiz a été pris 185 fois
  • Le résultat moyen est 56 sur 72
Statistiques - réponses
Hint Réponse % Correct
2019 Charles Leclerc
99%
2020 Charles Leclerc
99%
2021 Charles Leclerc
99%
2022 Charles Leclerc
99%
2023 Charles Leclerc
99%
2024 Charles Leclerc
99%
2025 Charles Leclerc
99%
2025 Lewis Hamilton
99%
2021 Carlos Sainz Jr
96%
2022 Carlos Sainz Jr
96%
2023 Carlos Sainz Jr
96%
2024 Carlos Sainz Jr
96%
1996 Michael Schumacher
94%
1997 Michael Schumacher
94%
1998 Michael Schumacher
94%
1999 Michael Schumacher
94%
2000 Michael Schumacher
94%
2001 Michael Schumacher
94%
2002 Michael Schumacher
94%
2003 Michael Schumacher
94%
2004 Michael Schumacher
94%
2005 Michael Schumacher
94%
2006 Michael Schumacher
94%
2015 Sebastian Vettel
91%
2016 Sebastian Vettel
91%
2017 Sebastian Vettel
91%
2018 Sebastian Vettel
91%
2019 Sebastian Vettel
91%
2020 Sebastian Vettel
91%
1990 Alain Prost
86%
1991 Alain Prost
86%
2010 Fernando Alonso
86%
2011 Fernando Alonso
86%
2012 Fernando Alonso
86%
2013 Fernando Alonso
86%
2014 Fernando Alonso
86%
2007 Kimi Räikkonen
84%
2008 Kimi Räikkonen
84%
2009 Kimi Räikkonen
84%
2014 Kimi Räikkonen
84%
2015 Kimi Räikkonen
84%
2016 Kimi Räikkonen
84%
2017 Kimi Räikkonen
84%
2018 Kimi Räikkonen
84%
2006 Felipe Massa
74%
2007 Felipe Massa
74%
2008 Felipe Massa
74%
2009 Felipe Massa
74%
2010 Felipe Massa
74%
2011 Felipe Massa
74%
2012 Felipe Massa
74%
2013 Felipe Massa
74%
2000 Rubens Barrichello
63%
2001 Rubens Barrichello
63%
2002 Rubens Barrichello
63%
2003 Rubens Barrichello
63%
2004 Rubens Barrichello
63%
2005 Rubens Barrichello
63%
1991 Jean Alesi
49%
1992 Jean Alesi
49%
1993 Jean Alesi
49%
1994 Jean Alesi
49%
1995 Jean Alesi
49%
1990 Nigel Mansell
44%
1996 Eddie Irvine
38%
1997 Eddie Irvine
38%
1998 Eddie Irvine
38%
1999 Eddie Irvine
38%
1992 Gerhard Berger
34%
1993 Gerhard Berger
34%
1994 Gerhard Berger
34%
1995 Gerhard Berger
34%
Aucun quiz correspondant
Distribution des résultats
% des personnes avec chaque résultat
Percentile par nombre de réponses
Votre historique - résultats
Vous n’avez pas pris ce quiz